000 00318nam a22001457a 4500
008 210428b ||||| |||| 00| 0 eng d
020 _a9780669144666
041 _aeng
080 _a541
082 _a541
100 _a12
101 _aKIM
245 _aIntroductory Chemistry
_cSteven S.Zumdahl
942 _2udc
_cBK
999 _c56862
_d56862